Najohrozenejšia skupina - nezamestnaná mládež

Súčasná situácia mládeže na trhu práce. Príčiny nezamestnanosti mládeže. Nedostatok praxe a absencia pracovných návykov. Rozpor medzi kvalifikáciou a potrebami praxe. Ďalšie príčiny nezamestnanosti mládeže. Dôsledky nezamestnanosti mládeže.

Guardado en:
Detalles Bibliográficos
Autor principal: Janíková, Drahomíra
Formato: Capítulo de libro
Lenguaje:eslovaco
Materias:
Etiquetas: Agregar Etiqueta
Sin Etiquetas, Sea el primero en etiquetar este registro!

MARC

LEADER 00000naa a2200000 4500
001 0182629
005 20230908075846.9
041 0 |a slo 
044 |a CZ 
245 1 0 |a Najohrozenejšia skupina - nezamestnaná mládež  |c Drahomíra Janíková 
520 |a Súčasná situácia mládeže na trhu práce. Príčiny nezamestnanosti mládeže. Nedostatok praxe a absencia pracovných návykov. Rozpor medzi kvalifikáciou a potrebami praxe. Ďalšie príčiny nezamestnanosti mládeže. Dôsledky nezamestnanosti mládeže. 
610 2 0 |a Slovensko 
610 2 0 |a trh práce 
610 2 0 |a mládež 
610 2 0 |a prevencia 
610 2 0 |a nezamestnanosť 
100 1 |a Janíková, Drahomíra